[Event "Saint Affrique op 22nd"]
[Site "Saint Affrique"]
[Date "2014.07.25"]
[Round "8.10"]
[White "Bizeul, Pierre"]
[Black "Navarro, Robin"]
[Result "0-1"]
[WhiteElo "1757"]
[BlackElo "1906"]
[PlyCount "68"]
[EventDate "2014.07.19"]
[EventType "swiss"]
[EventRounds "9"]
[EventCountry "FRA"]
[SourceTitle "CBM 161 Extra"]
[Source "ChessBase"]
[SourceDate "2014.08.29"]
[SourceVersion "1"]
[SourceVersionDate "2014.08.29"]
[SourceQuality "1"]

1. e4 g6 2. d4 Bg7 3. Nc3 d6 4. Be3 Nd7 5. Qd2 a6 6. f3 b5 7. g4 Bb7 8. 0-0-0 Rc8 9. Kb1 Nb6 10. a3 c6 11. h4 h5 12. g5 d5 13. f4 e6 14. f5 Bf8 15. Nh3 b4 16. axb4 Bxb4 17. fxe6 fxe6 18. Qd3 Ne7 19. Nf4 Nc4 20. Na2 Qb6 21. Nxb4 Qxb4 22. Bc1 Rb8 23. b3 Bc8 24. Nxg6 a5 25. Nxe7 Kxe7 26. exd5 cxd5 27. Qg3 a4 28. Bxc4 dxc4 29. Ba3 Qxa3 30. Qxb8 Bd7 31. Qxh8 c3 32. Qg7+ Kd8 33. Qh8+ Be8 34. Qf6+ Kc7 0-1